00430nam a2200181 a 4500001001300000003000900013005001700022008004100039020001000080082001300090100001700103245001900120260003800139300000900177500003500186505001000221700001700231nice12345678IN_TiNIC20260116012526.0050524s1892 lona grp 000 0 eng  ac10000a201bMOU aMoule, H C G aCharles Simeon aLondonbMethuen and Companyc1892 a276p aincludes index and biblioraphy2 aIndex1 aMoule, H C G